<?xml version="1.0" encoding="UTF-8"?>
<record
    xmlns:xsi="http://www.w3.org/2001/XMLSchema-instance"
    xsi:schemaLocation="http://www.loc.gov/MARC21/slim http://www.loc.gov/standards/marcxml/schema/MARC21slim.xsd"
    xmlns="http://www.loc.gov/MARC21/slim">

  <leader>01048nam a2200277Ia 4500</leader>
  <controlfield tag="005">20260129185602.0</controlfield>
  <controlfield tag="008">210422s2002    mx aod|gr     001 0 spa d</controlfield>
  <datafield tag="020" ind1=" " ind2=" ">
    <subfield code="a">968-19-1096-6</subfield>
  </datafield>
  <datafield tag="040" ind1=" " ind2=" ">
    <subfield code="a">BPGM</subfield>
    <subfield code="b">spa</subfield>
  </datafield>
  <datafield tag="041" ind1=" " ind2=" ">
    <subfield code="a">spa</subfield>
    <subfield code="h">eng</subfield>
  </datafield>
  <datafield tag="082" ind1=" " ind2=" ">
    <subfield code="a">613.04244 / C83</subfield>
  </datafield>
  <datafield tag="100" ind1=" " ind2=" ">
    <subfield code="a">STOPPARD, MIRIAM</subfield>
    <subfield code="e">DRA.</subfield>
  </datafield>
  <datafield tag="245" ind1=" " ind2="0">
    <subfield code="a">EL CUERPO DE LA MUJER : </subfield>
    <subfield code="b">UN MANUAL PARA TODA LA VIDA </subfield>
  </datafield>
  <datafield tag="260" ind1=" " ind2=" ">
    <subfield code="a">M&#xC9;XICO : </subfield>
    <subfield code="b">AGUILAR ,</subfield>
    <subfield code="c">2002 .</subfield>
  </datafield>
  <datafield tag="300" ind1=" " ind2=" ">
    <subfield code="a">224 p&#xE1;ginas ; </subfield>
    <subfield code="c">19..2 x 24 cm </subfield>
  </datafield>
  <datafield tag="336" ind1=" " ind2=" ">
    <subfield code="2">rdacontent</subfield>
    <subfield code="a">texto</subfield>
    <subfield code="b">txt</subfield>
  </datafield>
  <datafield tag="337" ind1=" " ind2=" ">
    <subfield code="2">rdamedia</subfield>
    <subfield code="a">sin mediaci&#xF3;n</subfield>
    <subfield code="b">n</subfield>
  </datafield>
  <datafield tag="338" ind1=" " ind2=" ">
    <subfield code="2">rdacarrier</subfield>
    <subfield code="a">volumen </subfield>
    <subfield code="b">nc</subfield>
  </datafield>
  <datafield tag="490" ind1="0" ind2=" ">
    <subfield code="a">AGUILAR </subfield>
  </datafield>
  <datafield tag="505" ind1=" " ind2=" ">
    <subfield code="a">EL CUERPO FEMENINO ES UNA MARAVILLA SIN PARALELO.
ES FUENTE DE LA VIDA HUMANA , UN OBJETO DE FASCINACI&#xD3;N, ADMIRACI&#xD3;N Y DESEO CONSTANTES, ADEM&#xC1;S DE CONSTITUIR LA ESENCIA DE UNA ENORME CANTIDAD DE LOGROS F&#xCD;SICOS Y CREATIVOS.</subfield>
  </datafield>
  <datafield tag="650" ind1=" " ind2=" ">
    <subfield code="a">TECNOLOG&#xCD;A (CIENCIAS APLICADAS)</subfield>
  </datafield>
  <datafield tag="650" ind1=" " ind2=" ">
    <subfield code="a">CIENCIAS M&#xC9;DICAS MEDICINA</subfield>
  </datafield>
  <datafield tag="650" ind1=" " ind2=" ">
    <subfield code="a">PROMOCI&#xD3;N DE SALIUD </subfield>
  </datafield>
  <datafield tag="700" ind1=" " ind2=" ">
    <subfield code="a">SAUNDERS , ROS </subfield>
    <subfield code="b">DISE&#xD1;O </subfield>
  </datafield>
  <datafield tag="942" ind1=" " ind2=" ">
    <subfield code="c">GENERAL</subfield>
    <subfield code="2">ddc</subfield>
  </datafield>
  <datafield tag="952" ind1=" " ind2=" ">
    <subfield code="0">0</subfield>
    <subfield code="1">0</subfield>
    <subfield code="2">ddc</subfield>
    <subfield code="4">0</subfield>
    <subfield code="7">0</subfield>
    <subfield code="8">GENERAL</subfield>
    <subfield code="a">BPCEFC</subfield>
    <subfield code="b">BPCEFC</subfield>
    <subfield code="c">ACCESO "B"  PLANTA BAJA</subfield>
    <subfield code="d">2026-01-29</subfield>
    <subfield code="e">DGB </subfield>
    <subfield code="o">613.0424 / C83</subfield>
    <subfield code="p">22357</subfield>
    <subfield code="r">2026-07-03 16:04:49</subfield>
    <subfield code="t">EJ.2</subfield>
    <subfield code="w">2021-04-22</subfield>
    <subfield code="y">GENERAL</subfield>
  </datafield>
  <datafield tag="952" ind1=" " ind2=" ">
    <subfield code="0">0</subfield>
    <subfield code="1">0</subfield>
    <subfield code="2">ddc</subfield>
    <subfield code="4">0</subfield>
    <subfield code="7">2</subfield>
    <subfield code="8">GENERAL</subfield>
    <subfield code="a">BPCEFC</subfield>
    <subfield code="b">BPCEFC</subfield>
    <subfield code="c">ACCESO "B"  PLANTA BAJA</subfield>
    <subfield code="d">2026-01-29</subfield>
    <subfield code="e">DGB </subfield>
    <subfield code="o">613.0424 / C83</subfield>
    <subfield code="p">22356</subfield>
    <subfield code="r">2022-11-15 00:00:00</subfield>
    <subfield code="t">EJ.1</subfield>
    <subfield code="w">2021-04-22</subfield>
    <subfield code="y">GENERAL</subfield>
  </datafield>
  <datafield tag="999" ind1=" " ind2=" ">
    <subfield code="c">32655</subfield>
    <subfield code="d">32655</subfield>
  </datafield>
</record>
